[Event "Budapest Spring op"]
[Site "Budapest"]
[Date "2019.04.12"]
[Round "4"]
[White "Livaic, Leon"]
[Black "Budai, David"]
[Result "1-0"]
[WhiteElo "2474"]
[BlackElo "2308"]
[PlyCount "51"]
[EventDate "2019.04.09"]
[EventType "swiss"]
[EventRounds "9"]
[EventCountry "HUN"]
[SourceTitle "CBM 190 Extra"]
[Source "ChessBase"]
[SourceDate "2019.07.15"]
[SourceVersion "1"]
[SourceVersionDate "2019.07.15"]
[SourceQuality "1"]

1. d4 Nf6 2. c4 g6 3. Nc3 Bg7 4. e4 d6 5. h3 0-0 6. Be3 Na6 7. g4 e5 8. d5 Nc5 9. f3 a5 10. Qd2 a4 11. Nge2 c6 12. Ng3 cxd5 13. cxd5 Qa5 14. Nb5 Qb6 15. Rc1 Nfd7 16. h4 h5 17. gxh5 f5 18. h6 Bh8 19. h7+ Kxh7 20. h5 f4 21. hxg6+ Kxg6 22. Nf5 Rxf5 23. exf5+ Kf7 24. Rxh8 fxe3 25. Qg2 Nf8 26. Qg8+ 1-0

[Event "HUN-chT2 Charousek 1819"]
[Site "Hungary"]
[Date "2019.03.10"]
[Round "9.2"]
[White "Budai, David"]
[Black "Pataki, Gyozo"]
[Result "1/2-1/2"]
[WhiteElo "2288"]
[BlackElo "2314"]
[PlyCount "103"]
[EventDate "2018.09.23"]
[EventType "team-tourn"]
[EventRounds "11"]
[EventCountry "HUN"]
[SourceTitle "EXT 2021"]
[Source "ChessBase"]
[SourceDate "2020.10.23"]
[SourceVersion "1"]
[SourceVersionDate "2020.10.23"]
[SourceQuality "1"]
[WhiteTeam "Biatorbagy"]
[BlackTeam "Balatonfuered"]
[WhiteTeamCountry "HUN"]
[BlackTeamCountry "HUN"]

1. Nf3 d5 2. c4 c6 3. d4 Nf6 4. e3 Bg4 5. Nc3 e6 6. Qb3 Qb6 7. Nh4 Nbd7 8. h3 Bh5 9. g4 Bg6 10. Nxg6 hxg6 11. Bg2 Be7 12. g5 Nh5 13. h4 Qxb3 14. axb3 f5 15. Rh3 a6 16. f4 Bd6 17. Kf2 Ke7 18. Bd2 Rac8 19. c5 Bc7 20. b4 Nb8 21. Bf1 Rhd8 22. Bd3 Rd7 23. Ne2 Rh8 24. Nc1 Kf7 25. Nb3 Re7 26. Kf3 Rd8 27. Rhh1 Rh8 28. Kg2 Rc8 29. Be2 Rh8 30. Bf3 Rc8 31. Nc1 Rh8 32. Ne2 Ree8 33. Kf2 Ke7 34. Ng3 Ref8 35. Rag1 Bd8 36. Ne2 Re8 37. Nc1 Bc7 38. Nb3 Kf7 39. Ra1 Re7 40. Be2 Rc8 41. Ra4 Rh8 42. Ra3 Rc8 43. Rg1 Rh8 44. Na5 Bxa5 45. bxa5 Ke8 46. Rb3 Kd8 47. Ra1 Kc8 48. Ra4 Rc7 49. Rab4 Rf8 50. Rb6 Rh8 51. Kg2 Rf8 52. Bc3 1/2-1/2

[Event "HUN-chT2 Breyer 1718"]
[Site "Hungary"]
[Date "2018.03.04"]
[Round "9.1"]
[White "Budai, David"]
[Black "Szanto, Levente"]
[Result "1-0"]
[WhiteElo "2294"]
[BlackElo "1959"]
[PlyCount "45"]
[EventDate "2017.09.24"]
[EventType "team-tourn"]
[EventRounds "11"]
[EventCountry "HUN"]
[SourceTitle "EXT 2021"]
[Source "ChessBase"]
[SourceDate "2020.10.23"]
[SourceVersion "1"]
[SourceVersionDate "2020.10.23"]
[SourceQuality "1"]
[WhiteTeam "Biatorbagy"]
[BlackTeam "Tatabanya Turul"]
[WhiteTeamCountry "HUN"]
[BlackTeamCountry "HUN"]

1. Nf3 d5 2. c4 dxc4 3. e3 Nf6 4. Bxc4 e6 5. 0-0 b6 6. d4 Bb7 7. Nc3 h5 8. Qe2 g5 9. Rd1 g4 10. Ne5 Bd6 11. e4 Nfd7 12. Nxd7 Nxd7 13. e5 Bb4 14. d5 Qe7 15. Nb5 Kf8 16. dxe6 g3 17. hxg3 Nc5 18. a3 h4 19. axb4 hxg3 20. fxg3 Ne4 21. Qf3 Nxg3 22. Qxg3 Rg8 23. Bh6+ 1-0

[Event "HUN-chT2 Breyer 1718"]
[Site "Hungary"]
[Date "2017.10.08"]
[Round "2.2"]
[White "Jablonicky, Martin"]
[Black "Budai, David"]
[Result "1-0"]
[WhiteElo "2311"]
[BlackElo "2294"]
[PlyCount "97"]
[EventDate "2017.09.24"]
[EventType "team-tourn"]
[EventRounds "11"]
[EventCountry "HUN"]
[SourceTitle "EXT 2021"]
[Source "ChessBase"]
[SourceDate "2020.10.23"]
[SourceVersion "1"]
[SourceVersionDate "2020.10.23"]
[SourceQuality "1"]
[WhiteTeam "Naszaly Geniusz Tata"]
[BlackTeam "Biatorbagy"]
[WhiteTeamCountry "HUN"]
[BlackTeamCountry "HUN"]

1. d4 Nf6 2. c4 g6 3. Nc3 Bg7 4. e4 d6 5. Nf3 0-0 6. Be2 e5 7. 0-0 Nc6 8. d5 Ne7 9. Ne1 Nd7 10. Nd3 f5 11. Bd2 Nf6 12. f3 c5 13. a3 f4 14. b4 b6 15. a4 a5 16. bxc5 bxc5 17. Nb5 g5 18. Bc3 Ng6 19. g4 Rf7 20. h3 Bf8 21. Rf2 h5 22. Rh2 Rh7 23. Nf2 Be7 24. Qd2 Kg7 25. Rh1 Bd7 26. Bd1 Rh6 27. Rb1 Kf7 28. Na3 Qc7 29. Qb2 Rhh8 30. Qb7 Qxb7 31. Rxb7 Rhb8 32. Rxb8 Rxb8 33. Nb5 Bxb5 34. cxb5 Bd8 35. Nd3 c4 36. Nb2 Bb6+ 37. Kf1 Rc8 38. Be2 Nh4 39. Nxc4 Rxc4 40. Bxc4 Nxf3 41. Bd3 Kg6 42. gxh5+ Nxh5 43. Be1 Nxe1 44. Kxe1 Ng3 45. Rh2 Nh5 46. Rc2 f3 47. Rc6 f2+ 48. Kd1 Bd4 49. b6 1-0

[Event "HUN-chT2 Breyer 1516"]
[Site "Hungary"]
[Date "2016.04.17"]
[Round "11.4"]
[White "Budai, David"]
[Black "Tessedik, Karoly"]
[Result "1-0"]
[WhiteElo "2269"]
[BlackElo "1879"]
[PlyCount "49"]
[EventDate "2015.09.13"]
[EventType "team-tourn"]
[EventRounds "11"]
[EventCountry "HUN"]
[SourceTitle "EXT 2017"]
[Source "ChessBase"]
[SourceDate "2016.10.25"]
[SourceVersion "1"]
[SourceVersionDate "2016.10.25"]
[SourceQuality "1"]
[WhiteTeam "Biatorbagy"]
[BlackTeam "TTC Sakk"]
[WhiteTeamCountry "HUN"]
[BlackTeamCountry "HUN"]

1. Nf3 e6 2. c4 Nf6 3. g3 Be7 4. Bg2 Nc6 5. 0-0 0-0 6. d4 d5 7. b3 a5 8. Nbd2 Bd7 9. a3 Rb8 10. Qc2 Re8 11. e4 Nxe4 12. Nxe4 dxe4 13. Qxe4 Bf6 14. Bb2 b5 15. Qc2 Ne7 16. Rfd1 Qc8 17. Nd2 g6 18. Ne4 Bg7 19. d5 bxc4 20. Bxg7 Kxg7 21. Qc3+ Kh6 22. g4 Rxb3 23. g5+ Kh5 24. Qe5 Nf5 25. Qf4 1-0

[Event "HUN-chT2 Breyer 1516"]
[Site "Hungary"]
[Date "2016.04.03"]
[Round "10.4"]
[White "Kovacs, David"]
[Black "Budai, David"]
[Result "1/2-1/2"]
[WhiteElo "2194"]
[BlackElo "2269"]
[PlyCount "57"]
[EventDate "2015.09.13"]
[EventType "team-tourn"]
[EventRounds "11"]
[EventCountry "HUN"]
[SourceTitle "EXT 2017"]
[Source "ChessBase"]
[SourceDate "2016.10.25"]
[SourceVersion "1"]
[SourceVersionDate "2016.10.25"]
[SourceQuality "1"]
[WhiteTeam "Naszaly Geniusz Tata"]
[BlackTeam "Biatorbagy"]
[WhiteTeamCountry "HUN"]
[BlackTeamCountry "HUN"]

1. e4 c5 2. Nf3 g6 3. d4 Bg7 4. Nc3 cxd4 5. Nxd4 Nc6 6. Be3 Nf6 7. Bc4 0-0 8. Bb3 d6 9. f3 Bd7 10. Qd2 Rc8 11. 0-0-0 Ne5 12. Kb1 Re8 13. h4 h5 14. Bg5 Rc5 15. Nde2 Qc8 16. Be3 Nc4 17. Bxc4 Rxc4 18. Bxa7 b5 19. Nc1 b4 20. N3e2 Qc7 21. Bd4 Rc8 22. c3 e5 23. Be3 d5 24. exd5 Bf5+ 25. Ka1 Qa5 26. cxb4 Rxb4 27. a3 Nxd5 28. Qxd5 Qa4 29. Rd2 1/2-1/2

[Event "Balatonalmadi Pannonia Cup 18th"]
[Site "Balatonalmadi"]
[Date "2013.07.27"]
[Round "6"]
[White "Budai, David"]
[Black "Benedeczky, Lehel"]
[Result "1-0"]
[WhiteElo "2304"]
[BlackElo "1969"]
[PlyCount "61"]
[EventDate "2013.07.24"]
[EventType "swiss"]
[EventRounds "7"]
[EventCountry "HUN"]
[SourceTitle "EXT 2016"]
[Source "ChessBase"]
[SourceDate "2015.10.08"]
[SourceVersion "1"]
[SourceVersionDate "2015.10.08"]
[SourceQuality "1"]

1. d4 d5 2. c4 c6 3. Nf3 Nf6 4. e3 e6 5. b3 Nbd7 6. Nbd2 Bd6 7. Bb2 0-0 8. Bd3 Re8 9. Ne5 dxc4 10. Nexc4 Bc7 11. Nf3 b5 12. Nce5 Ba5+ 13. Ke2 Bb7 14. a3 Bb6 15. b4 a5 16. Qd2 Nxe5 17. Nxe5 Nd5 18. e4 Ne7 19. Bc2 Ng6 20. Nf3 e5 21. Rhd1 exd4 22. Bxd4 c5 23. bxc5 Bc7 24. Be3 Bxe4 25. Bxe4 Rxe4 26. Qxd8+ Bxd8 27. Nd4 Bf6 28. Rab1 Nf4+ 29. Kf3 Rae8 30. Nxb5 Ng6 31. Nd6 1-0

[Event "Balatonalmadi Pannonia Cup 18th"]
[Site "Balatonalmadi"]
[Date "2013.07.26"]
[Round "4"]
[White "Budai, David"]
[Black "Egresi, Mate"]
[Result "1-0"]
[WhiteElo "2304"]
[BlackElo "2064"]
[PlyCount "67"]
[EventDate "2013.07.24"]
[EventType "swiss"]
[EventRounds "7"]
[EventCountry "HUN"]
[SourceTitle "EXT 2016"]
[Source "ChessBase"]
[SourceDate "2015.10.08"]
[SourceVersion "1"]
[SourceVersionDate "2015.10.08"]
[SourceQuality "1"]

1. Nf3 d5 2. d4 Nf6 3. c4 e6 4. g3 dxc4 5. Qa4+ Nc6 6. Qxc4 Bb4+ 7. Bd2 Bxd2+ 8. Nbxd2 0-0 9. Bg2 Qe7 10. Rc1 Rd8 11. Nb3 Nd5 12. 0-0 Qb4 13. Qc2 Qa4 14. a3 Na5 15. Nxa5 Qxa5 16. e4 Nf6 17. e5 Nd5 18. Ng5 g6 19. Bxd5 Qxd5 20. Ne4 Kg7 21. Nf6 Qa5 22. Qxc7 Qxc7 23. Rxc7 b6 24. Rfc1 Ba6 25. Ne4 Rxd4 26. Ng5 Kg8 27. Nxf7 Rd2 28. Nh6+ Kh8 29. Ng4 g5 30. Nf6 Bd3 31. Rf7 g4 32. h3 gxh3 33. Rcc7 h2+ 34. Kh1 1-0

[Event "Balatonalmadi Pannonia Cup 18th"]
[Site "Balatonalmadi"]
[Date "2013.07.25"]
[Round "3"]
[White "Szajbely, Zsigmond"]
[Black "Budai, David"]
[Result "1/2-1/2"]
[WhiteElo "2164"]
[BlackElo "2304"]
[PlyCount "43"]
[EventDate "2013.07.24"]
[EventType "swiss"]
[EventRounds "7"]
[EventCountry "HUN"]
[SourceTitle "EXT 2016"]
[Source "ChessBase"]
[SourceDate "2015.10.08"]
[SourceVersion "1"]
[SourceVersionDate "2015.10.08"]
[SourceQuality "1"]

1. e4 c5 2. Nf3 Nc6 3. d4 cxd4 4. Nxd4 e5 5. Nb5 d6 6. N1c3 a6 7. Na3 b5 8. Nd5 Nge7 9. c4 Nd4 10. Be3 Nxd5 11. cxd5 Be7 12. Bd3 0-0 13. 0-0 Bd7 14. Qd2 Bf6 15. Rfc1 Rc8 16. Nc2 Nxc2 17. Bxc2 Qc7 18. Bd3 Qb7 19. Qb4 Be7 20. Rxc8 Rxc8 21. f3 h6 22. Kh1 1/2-1/2

[Event "HUN-chT2 Charousek 1112"]
[Site "Hungary"]
[Date "2012.05.20"]
[Round "11"]
[White "Budai, David"]
[Black "Gergacz, Attila"]
[Result "1-0"]
[WhiteElo "2289"]
[BlackElo "2426"]
[PlyCount "129"]
[EventDate "2011.09.25"]
[EventType "team-tourn"]
[EventRounds "11"]
[EventCountry "HUN"]
[SourceTitle "EXT 2013"]
[Source "ChessBase"]
[SourceDate "2012.11.22"]
[SourceVersion "1"]
[SourceVersionDate "2012.11.22"]
[SourceQuality "1"]
[WhiteTeam "Veszprem"]
[BlackTeam "Aquaprofit II"]
[WhiteTeamCountry "HUN"]
[BlackTeamCountry "HUN"]

1. c4 e5 2. Nc3 Nf6 3. g3 Bc5 4. Bg2 c6 5. e3 0-0 6. Nge2 d6 7. a3 Be6 8. d4 Bb6 9. Qd3 Qd7 10. h3 a5 11. g4 exd4 12. exd4 d5 13. c5 Bc7 14. Bg5 Ne4 15. Nxe4 dxe4 16. Bxe4 f5 17. gxf5 Bxf5 18. f3 h6 19. Be3 Na6 20. 0-0-0 Rae8 21. Nc3 Bxe4 22. fxe4 Rf3 23. Rdf1 Ref8 24. Qe2 Rxf1+ 25. Rxf1 Rxf1+ 26. Qxf1 Qe6 27. Kc2 a4 28. Qf5 Qb3+ 29. Kc1 Nb4 30. axb4 a3 31. Bd2 a2 32. Nxa2 Qxa2 33. Qc8+ Kh7 34. Qxc7 Qc4+ 35. Kb1 Qd3+ 36. Ka2 Qxd2 37. Qxb7 Qxd4 38. Qxc6 Qxb4 39. Qd5 Qa5+ 40. Kb3 Qb5+ 41. Kc3 Qa5+ 42. b4 Qa1+ 43. Kc4 Qf1+ 44. Qd3 Qf7+ 45. Kc3 Qa2 46. e5+ Kh8 47. Qc4 Qa1+ 48. Kc2 Qa4+ 49. Kb2 Qc6 50. e6 Qg2+ 51. Kb3 Qf3+ 52. Kb2 Qg2+ 53. Qc2 Qd5 54. Qe2 Qd4+ 55. Kb3 Qd5+ 56. Ka3 Qa8+ 57. Kb2 Qb7 58. b5 Qe7 59. Qe5 Qh4 60. Kb3 Qxh3+ 61. Kb4 Qd3 62. c6 Qd2+ 63. Kc5 Qf2+ 64. Kd6 Qd2+ 65. Kc7 1-0

[Event "HUN-chT2 Charousek 1112"]
[Site "Hungary"]
[Date "2012.03.25"]
[Round "8"]
[White "Varga, Zoltan"]
[Black "Budai, David"]
[Result "1/2-1/2"]
[WhiteElo "2474"]
[BlackElo "2289"]
[PlyCount "92"]
[EventDate "2011.09.25"]
[EventType "team-tourn"]
[EventRounds "11"]
[EventCountry "HUN"]
[SourceTitle "EXT 2013"]
[Source "ChessBase"]
[SourceDate "2012.11.22"]
[SourceVersion "1"]
[SourceVersionDate "2012.11.22"]
[SourceQuality "1"]
[WhiteTeam "BEAC"]
[BlackTeam "Veszprem"]
[WhiteTeamCountry "HUN"]
[BlackTeamCountry "HUN"]

1. c4 e5 2. Nc3 Nf6 3. Nf3 Nc6 4. d4 exd4 5. Nxd4 Bb4 6. Bg5 h6 7. Bh4 Bxc3+ 8. bxc3 Ne5 9. f4 Ng6 10. Bxf6 Qxf6 11. g3 0-0 12. Qd3 d6 13. Bg2 Rd8 14. 0-0 Nf8 15. Rab1 Nd7 16. Nb3 a5 17. Qd4 Qe7 18. e4 a4 19. Na1 Nc5 20. Nc2 f5 21. exf5 Bxf5 22. Rbe1 Qf8 23. Ne3 Bd3 24. Bxb7 Bxf1 25. Bxa8 Rxa8 26. Qd5+ Kh8 27. Kxf1 Re8 28. Ng2 Rxe1+ 29. Nxe1 Qf6 30. Qd4 Qf5 31. Qe3 Qb1 32. Qe2 a3 33. Qc2 Qb2 34. h4 Kg8 35. h5 Qb7 36. Kg1 Qc6 37. Qg6 Qe4 38. Qxe4 Nxe4 39. Nc2 Nxg3 40. Nxa3 Ne2+ 41. Kf2 Nxc3 42. Nb5 Nxa2 43. Nxc7 Kf7 44. Nb5 Ke6 45. Nd4+ Kf6 46. Nb5 Ke6 1/2-1/2

[Event "HUN-chT2 Charousek 1112"]
[Site "Hungary"]
[Date "2011.11.13"]
[Round "3"]
[White "Farkas, Gyula"]
[Black "Budai, David"]
[Result "0-1"]
[WhiteElo "2193"]
[BlackElo "2289"]
[PlyCount "128"]
[EventDate "2011.09.25"]
[EventType "team-tourn"]
[EventRounds "11"]
[EventCountry "HUN"]
[SourceTitle "EXT 2013"]
[Source "ChessBase"]
[SourceDate "2012.11.22"]
[SourceVersion "1"]
[SourceVersionDate "2012.11.22"]
[SourceQuality "1"]
[WhiteTeam "Kisber Aszar"]
[BlackTeam "Veszprem"]
[WhiteTeamCountry "HUN"]
[BlackTeamCountry "HUN"]

1. e4 c5 2. Nf3 Nc6 3. d4 cxd4 4. Nxd4 g6 5. Nc3 Bg7 6. Be3 Nf6 7. Qd2 0-0 8. 0-0-0 Ng4 9. Nxc6 bxc6 10. Bf4 Qa5 11. Bc4 Qc5 12. Bb3 Qxf2 13. Rhf1 Qxd2+ 14. Rxd2 d6 15. h3 Ne5 16. Bg5 Re8 17. Rdf2 Ba6 18. Ne2 Rab8 19. Be3 c5 20. Kd1 e6 21. Ba4 Rec8 22. b3 Rb4 23. c4 Bxc4 24. Bd2 Bd3 25. Bxb4 cxb4 26. Ng3 Bh6 27. Rf4 Bxf4 28. Rxf4 Rc2 29. Bb5 Rxg2 30. Bxd3 Nxd3 31. Rf3 Ne5 32. Re3 Rxa2 33. Ne2 Kg7 34. Nd4 Ra1+ 35. Kc2 Kf6 36. Nb5 Ke7 37. Kb2 Ra5 38. Nd4 Rc5 39. Ne2 f5 40. exf5 gxf5 41. Rg3 Kf7 42. Nf4 a5 43. Rg5 Ng6 44. Ne2 Re5 45. Nd4 Re3 46. Rh5 Re4 47. Nc6 f4 48. Rxh7+ Kf6 49. Nd8 Re2+ 50. Kc1 Ke5 51. Rf7 Re3 52. Nc6+ Ke4 53. Nxa5 d5 54. Rf6 Ne5 55. Nb7 Rc3+ 56. Kd1 d4 57. Rxe6 Rxh3 58. Rf6 f3 59. Nc5+ Ke3 60. Re6 Rh1+ 61. Kc2 d3+ 62. Nxd3 Rh2+ 63. Kc1 Kxd3 64. Rxe5 f2 0-1

[Event "HUN-chT2 Maroczy 1011"]
[Site "Hungary"]
[Date "2011.05.15"]
[Round "11"]
[White "Budai, David"]
[Black "Lorincz, Istvan"]
[Result "1/2-1/2"]
[WhiteElo "2282"]
[BlackElo "2265"]
[PlyCount "93"]
[EventDate "2010.09.12"]
[EventType "team-tourn"]
[EventRounds "11"]
[EventCountry "HUN"]
[SourceTitle "EXT 2012"]
[Source "ChessBase"]
[SourceDate "2011.11.24"]
[SourceVersion "1"]
[SourceVersionDate "2011.11.24"]
[SourceQuality "1"]
[WhiteTeam "Lila Futo"]
[BlackTeam "MLTC II"]
[WhiteTeamCountry "HUN"]
[BlackTeamCountry "HUN"]

1. d4 Nf6 2. Nf3 e6 3. g3 b6 4. Bg2 Bb7 5. 0-0 c5 6. c4 cxd4 7. Qxd4 d6 8. Nc3 Be7 9. b3 0-0 10. Rd1 Na6 11. Bb2 Nc5 12. Rac1 a6 13. Ne1 Qc7 14. e4 Rac8 15. Nc2 Rfe8 16. b4 Ncd7 17. Ne3 Bf8 18. a3 Qb8 19. h3 h5 20. Qd2 Qa8 21. f3 g6 22. Qf2 Bc6 23. Rc2 b5 24. Rcd2 Qb8 25. Bf1 bxc4 26. Nxc4 d5 27. Na5 Ba8 28. Bxa6 Rc5 29. Nb3 Rc6 30. Bf1 h4 31. g4 Bh6 32. Qxh4 Be3+ 33. Kg2 Rec8 34. Rd3 d4 35. Nxd4 Bxd4 36. Rxd4 Rxc3 37. Rxd7 Nxd7 38. Bxc3 Rxc3 39. Rxd7 Rc2+ 40. Be2 Rxe2+ 41. Kf1 Kg7 42. Rxf7+ Kxf7 43. Kxe2 Bc6 44. Qh7+ Kf6 45. g5+ Kxg5 46. Qe7+ Kh6 47. Qh4+ 1/2-1/2

[Event "HUN-chT2 Maroczy 1011"]
[Site "Hungary"]
[Date "2011.03.27"]
[Round "7"]
[White "Samu, Gabor Jr"]
[Black "Budai, David"]
[Result "1/2-1/2"]
[WhiteElo "2235"]
[BlackElo "2282"]
[PlyCount "65"]
[EventDate "2010.09.12"]
[EventType "team-tourn"]
[EventRounds "11"]
[EventCountry "HUN"]
[SourceTitle "EXT 2012"]
[Source "ChessBase"]
[SourceDate "2011.11.24"]
[SourceVersion "1"]
[SourceVersionDate "2011.11.24"]
[SourceQuality "1"]
[WhiteTeam "Oroshaza"]
[BlackTeam "Lila Futo"]
[WhiteTeamCountry "HUN"]
[BlackTeamCountry "HUN"]

1. d4 Nf6 2. c4 g6 3. g3 Bg7 4. Bg2 0-0 5. Nc3 c5 6. d5 d6 7. Nf3 e6 8. 0-0 exd5 9. cxd5 Re8 10. Nd2 a6 11. a4 Nbd7 12. e4 Ne5 13. Qc2 g5 14. f3 Bd7 15. f4 gxf4 16. gxf4 Ng6 17. Nc4 Ng4 18. Ne2 Nh4 19. Bh1 Nf5 20. h3 Nd4 21. Qd3 Nxe2+ 22. Qxe2 Bd4+ 23. Ne3 Nf6 24. Kh2 Kh8 25. Nc2 Ng4+ 26. Kg3 Rg8 27. hxg4 Bxg4 28. Qxg4 h5 29. Qxg8+ Qxg8+ 30. Kh2 h4 31. Ra3 Qg4 32. Raf3 Bf6 33. Ne3 1/2-1/2

[Event "HUN-chT2 Charousek 0809"]
[Site "Hungary"]
[Date "2009.02.08"]
[Round "7"]
[White "Dencsi, Tibor"]
[Black "Budai, David"]
[Result "1-0"]
[WhiteElo "2328"]
[BlackElo "2321"]
[PlyCount "87"]
[EventDate "2008.10.26"]
[EventType "team-tourn"]
[EventRounds "11"]
[EventCountry "HUN"]
[SourceTitle "EXT 2010"]
[Source "ChessBase"]
[SourceDate "2010.11.25"]
[SourceVersion "1"]
[SourceVersionDate "2010.11.25"]
[SourceQuality "1"]
[WhiteTeam "Pannonpower"]
[BlackTeam "Hobagoly"]
[WhiteTeamCountry "HUN"]
[BlackTeamCountry "HUN"]

1. e4 c5 2. Nf3 d6 3. d4 cxd4 4. Nxd4 Nf6 5. Nc3 g6 6. Be3 Bg7 7. f3 Nc6 8. Qd2 0-0 9. 0-0-0 d5 10. Qe1 e5 11. Nxc6 bxc6 12. exd5 Nxd5 13. Bc4 Be6 14. Ne4 Qc7 15. Bc5 Rfd8 16. g4 Nf4 17. Bxe6 Nxe6 18. Qc3 Rd5 19. Bd6 Qb6 20. Be7 Nd4 21. Kb1 Rb8 22. b3 Re8 23. Nf6+ Bxf6 24. Bxf6 Nb5 25. Qb2 Qe3 26. Rde1 Qxf3 27. Rhf1 Nc3+ 28. Ka1 Qh3 29. Qc1 Ra5 30. a3 Qxg4 31. Rf4 Qd7 32. Rc4 Qd6 33. b4 Rd5 34. Rf1 Re6 35. Bg5 Ne2 36. Qe1 Nd4 37. Qf2 Nf5 38. Qxa7 h6 39. Be3 Rd1+ 40. Rxd1 Qxd1+ 41. Kb2 Qe2 42. Rc3 Nxe3 43. Rxe3 Qxh2 44. Rf3 1-0

[Event "HUN-chT2 Charousek 0708"]
[Site "Hungary"]
[Date "2008.05.18"]
[Round "11"]
[White "Budai, David"]
[Black "Szieberth, Adam"]
[Result "1-0"]
[WhiteElo "2310"]
[BlackElo "2305"]
[PlyCount "49"]
[EventDate "2007.10.14"]
[EventType "team"]
[EventRounds "11"]
[EventCountry "HUN"]
[SourceTitle "EXT 2009"]
[Source "ChessBase"]
[SourceDate "2008.11.26"]
[SourceVersion "1"]
[SourceVersionDate "2008.11.26"]
[SourceQuality "1"]
[WhiteTeam "Husi"]
[BlackTeam "Lovo"]
[WhiteTeamCountry "HUN"]
[BlackTeamCountry "HUN"]

1. d4 Nf6 2. Nf3 e6 3. Bg5 c5 4. e3 b6 5. d5 exd5 6. Nc3 Be7 7. Nxd5 Nxd5 8. Qxd5 Nc6 9. Bc4 0-0 10. 0-0-0 a6 11. c3 Ra7 12. h4 Na5 13. Be2 b5 14. Bf4 Qb6 15. Qh5 b4 16. c4 Bb7 17. Ne5 Qe6 18. Nxd7 Rd8 19. Nxc5 Qf6 20. Bg5 Rxd1+ 21. Rxd1 Qe5 22. Nd7 Qf5 23. Bxe7 Qe6 24. Qxa5 Qxe7 25. Qc5 1-0

[Event "HUN-chT2 Charousek 0708"]
[Site "Hungary"]
[Date "2007.12.16"]
[Round "5"]
[White "Budai, David"]
[Black "Csiszar, Zoltan"]
[Result "0-1"]
[WhiteElo "2310"]
[BlackElo "2318"]
[PlyCount "116"]
[EventDate "2007.10.14"]
[EventType "team"]
[EventRounds "11"]
[EventCountry "HUN"]
[SourceTitle "EXT 2009"]
[Source "ChessBase"]
[SourceDate "2008.11.26"]
[SourceVersion "1"]
[SourceVersionDate "2008.11.26"]
[SourceQuality "1"]
[WhiteTeam "Husi"]
[BlackTeam "Csuti II"]
[WhiteTeamCountry "HUN"]
[BlackTeamCountry "HUN"]

1. e4 c6 2. d4 d5 3. Nc3 dxe4 4. Nxe4 Bf5 5. Ng3 Bg6 6. h4 h6 7. Nf3 Nd7 8. h5 Bh7 9. Bd3 Bxd3 10. Qxd3 e6 11. Bf4 Qa5+ 12. Bd2 Qc7 13. Ne4 Ngf6 14. 0-0-0 Bd6 15. Nxd6+ Qxd6 16. Kb1 b5 17. Qe2 a5 18. Ne5 Nb6 19. g4 Qd5 20. Rhe1 Nc4 21. Bc1 a4 22. f4 Nd6 23. g5 Nfe4 24. Ng4 Ng3 25. Qd3 Ngf5 26. g6 f6 27. Bd2 Nc4 28. Bb4 a3 29. bxa3 0-0-0 30. Bc5 Kc7 31. Nf2 Ra8 32. Ne4 Rhe8 33. Bb4 Nfd6 34. Nc5 Re7 35. Re2 Rae8 36. Rde1 Kb6 37. Kc1 Nf5 38. c3 Nfd6 39. a4 Qxh5 40. Nxe6 Qd5 41. f5 Nxf5 42. Bxe7 Rxe7 43. Nc5 Rxe2 44. Rxe2 Qh1+ 45. Kc2 Qa1 46. Kb3 Nfd6 47. Qc2 Qh1 48. Kb4 Qd5 49. Re7 Na5 50. Qe2 Qh1 51. Qc2 Qd5 52. Nd7+ Ka6 53. Qe2 Qh1 54. Nc5+ Kb6 55. Qe6 Qb1+ 56. Nb3 Qxa2 57. axb5 Nxb5 58. Nxa5 Qa3+ 0-1

[Event "HUN-chT2 Charousek 0708"]
[Site "Hungary"]
[Date "2007.11.25"]
[Round "3"]
[White "Ladanyi, Zsolt"]
[Black "Budai, David"]
[Result "1/2-1/2"]
[WhiteElo "2152"]
[BlackElo "2310"]
[PlyCount "109"]
[EventDate "2007.10.14"]
[EventType "team"]
[EventRounds "11"]
[EventCountry "HUN"]
[SourceTitle "EXT 2009"]
[Source "ChessBase"]
[SourceDate "2008.11.26"]
[SourceVersion "1"]
[SourceVersionDate "2008.11.26"]
[SourceQuality "1"]
[WhiteTeam "Nagykanizsa II"]
[BlackTeam "Husi"]
[WhiteTeamCountry "HUN"]
[BlackTeamCountry "HUN"]

1. e4 c5 2. Nf3 Nc6 3. d4 cxd4 4. Nxd4 e5 5. Nb5 d6 6. N1c3 a6 7. Na3 b5 8. Nd5 Nge7 9. Be3 Nxd5 10. exd5 Ne7 11. c4 Nf5 12. Bd2 Be7 13. cxb5 0-0 14. bxa6 e4 15. Be2 Bf6 16. Rb1 e3 17. Bxe3 Nxe3 18. fxe3 Bf5 19. Bd3 Qa5+ 20. Qd2 Qxd5 21. Bxf5 Qxf5 22. Qf2 Qa5+ 23. Qd2 Qxa6 24. Qe2 Qa5+ 25. Qd2 Qf5 26. Qf2 Qd3 27. Rd1 Qa6 28. Qe2 Qa5+ 29. Qd2 Qf5 30. Qf2 Qe6 31. 0-0 Rab8 32. b3 d5 33. Nc2 Qe4 34. Nd4 Bg5 35. Rde1 Rbe8 36. Nf5 Re6 37. Qg3 Rg6 38. Qf3 Qc2 39. Nd4 Qxa2 40. Ra1 Bxe3+ 41. Kh1 Qxa1 42. Rxa1 Bxd4 43. Rd1 Bb6 44. Qxd5 h6 45. Rf1 Re6 46. Qb7 g6 47. h3 Kg7 48. Qd7 Re3 49. b4 h5 50. b5 h4 51. Qd6 Re6 52. Qf4 Bd8 53. Rb1 Rfe8 54. Rf1 Bf6 55. g3 1/2-1/2